Normal view
MARC view
Entry Personal Name
001 - CONTROL NUMBER
- control field: 6265
003 - CONTROL NUMBER IDENTIFIER
- control field: OSt
005 - DATE AND TIME OF LATEST TRANSACTION
- control field: 20190616110551.0
008 - FIXED-LENGTH DATA ELEMENTS
- fixed length control field: 190616|| aca||aabn | a|a d
040 ## - CATALOGING SOURCE
- Original cataloging agency: OSt
- Transcribing agency: OSt
100 ## - HEADING--PERSONAL NAME
- Personal name: Maxwell, Douglas S.K.
670 ## - SOURCE DATA FOUND
- Source citation: Work cat.: (OSt): Maxwell, Douglas S.K., Broadening the human rights discourse , realising socio-economic rights, and balancing rights to property: moving beyond the rhetoric of socio- economic rights and Scottish land reform, 2019
